Diverse yet uniform: (Record no. 150823)

MARC details
000 -LEADER
fixed length control field 00626nam a22001817a 4500
005 - DATE AND TIME OF LATEST TRANSACTION
control field 20180409164923.0
010 ## - LCCN (DPL NO)
LC control number ENG-122497
020 ## - INTERNATIONAL STANDARD BOOK NUMBER
International Standard Book Number 9789352681679
Terms of availability 195.00
035 ## - SYSTEM CONTROL NUMBER
System control number EN-106029
037 ## - SOURCE OF ACQUISITION
Source of stock number/acquisition DBAD/PUB
082 ## - DEWEY DECIMAL CLASSIFICATION NUMBER
Classification number 158.1
100 ## - MAIN ENTRY--PERSONAL NAME
Personal name Parambir Kaur
245 ## - TITLE STATEMENT
Title Diverse yet uniform:
Statement of responsibility, etc by Parambir Kaur
Remainder of title (musings on a screne and sucessful life) /
260 ## - PUBLICATION, DISTRIBUTION, ETC. (IMPRINT)
Place of publication, distribution, etc Ludhiana
Name of publisher, distributor, etc Lahore Book Shop
Date of publication, distribution, etc 2016
270 ## - ADDRESS
Address 2, Lajpat Rai Market, Near Society Cinema,
City Ludhiana
Postal code 141008
Telephone number 911612740738, 6540738
Electronic mail address www.lahorepublishers.com
300 ## - PHYSICAL DESCRIPTION
Extent 159p.
Other physical details ill.
Dimensions 20cm(pbk)
942 ## - ADDED ENTRY ELEMENTS (KOHA)
Source of classification or shelving scheme Dewey Decimal Classification
Item type English Books
Call number suffix PAR
Classification part 158.1
Holdings
Withdrawn status Lost status Not for loan Collection code Home library Current library Date acquired Source of acquisition Cost, normal purchase price Full call number Barcode Copy number Cost, replacement price Koha item type
    Not For Loan Non-fiction D.B.Act.Division Sarojini Nagar 06/04/2018 DBAD/PUB 195.00 158.1 PAR EN-106029 1 195.00 English Books

© Delhi Public Library
Hit Counter
free hit counter